Normal view
MARC view
- القانون الدستوري
Entry Topical Term
001 - CONTROL NUMBER
- control field: 59744
003 - CONTROL NUMBER IDENTIFIER
- control field: JO-AjAnu
005 - DATE AND TIME OF LATEST TRANSACTION
- control field: 20230606083752.0
008 - FIXED-LENGTH DATA ELEMENTS
- fixed length control field: 230606|| aca||aabn | a|a d
040 ## - CATALOGING SOURCE
- Original cataloging agency: JO-AjAnu
- Transcribing agency: JO-AjAnu
150 ## - HEADING--TOPICAL TERM
- Topical term or geographic name entry element: القانون الدستوري
670 ## - SOURCE DATA FOUND
- Source citation: Work cat.: (JO-AjAnu)30468: إعداد العميري، عليان عزيز عبود؛ إشراف طلال ياسين العيسى , author 59743, الأثار المترتبة على حل البرلمان وفقا للدستور دراسة قانونية مقارنة (العراق نموذجا)= The Implications of Parliament Dissolution According to the Constitution Provisions A Legal Comparative Study (Irag as the Study Sample)